00510nam a2200157 a 450000500170000000800410001702000150005805000310007310000160010424500600012026000440018030000290022452100070025365000390026065000530029920140310183157.0021016s19uu xx 00 eng d a9814119276 aQA 76.8.I2594b.Ab236 2001 aAbel, Peter aIBM PC assembly language and programming /cPeter Abel. aNew Jersey :bPearson Education,c2001. a545 p. :bill. ;c26 cm. aIT aIBM personal computerxprogramming aAssembler language ( computer program language )